|
|
|
|
| LEADER |
00000cam a2200000 a 4500 |
| 001 |
vtls010466459 |
| 003 |
SK-MaSNL |
| 005 |
20260301085640.0 |
| 008 |
121106s2012 be ab f 000 0 eng |
| 020 |
|
|
|a 9789292012649 (brož.)
|
| 040 |
|
|
|a SNK
|b slo
|c SNK
|e AACR2
|
| 041 |
0 |
|
|a eng
|
| 043 |
|
|
|a e------
|
| 044 |
|
|
|a be
|c BE
|
| 072 |
|
7 |
|a 37
|x Výchova a vzdelávanie
|2 konspekt
|
| 080 |
|
|
|a 37.017.4
|2 2001
|
| 080 |
|
|
|a 371.3
|2 2001
|
| 080 |
|
|
|a 37.011.3-052
|2 2001
|
| 080 |
|
|
|a 37.011.3-051
|2 2001
|
| 080 |
|
|
|a (093)
|2 2001
|
| 080 |
|
|
|a (4)
|2 2001
|
| 245 |
0 |
0 |
|a Citizenship education in Europe
|
| 260 |
|
|
|a Brussels
|b Education, Audiovisual and Culture Executive Agency
|c 2012
|
| 300 |
|
|
|a 140 s.
|b grafy, mp., tab.
|c 30 cm
|
| 500 |
|
|
|a Nad názvom: Eurydice
|
| 650 |
0 |
7 |
|a občianska náuka
|2 SNKPH
|9 207230
|
| 650 |
0 |
7 |
|a vyučovanie
|2 SNKPH
|9 1522
|
| 650 |
0 |
7 |
|a učitelia
|2 SNKPH
|9 3995
|
| 650 |
0 |
7 |
|a študenti
|2 SNKPH
|9 3979
|
| 650 |
0 |
7 |
|a Civics
|2 SNKPHeng
|9 331339
|
| 650 |
0 |
7 |
|a Teaching
|2 SNKPHeng
|9 267199
|
| 650 |
0 |
7 |
|a Teachers
|2 SNKPHeng
|9 275931
|
| 651 |
|
7 |
|a European Union countries
|2 SNKPHeng
|9 276031
|
| 651 |
|
7 |
|a krajiny Európskej únie
|2 SNKPH
|9 31482
|
| 655 |
|
7 |
|a dokumenty
|2 SNKPH
|9 70482
|
| 655 |
|
7 |
|a Documents
|2 SNKPHeng
|9 277725
|
| 752 |
|
|
|a Belgicko
|d Brusel
|
| 856 |
4 |
1 |
|3 Plný text
|u http://eacea.ec.europa.eu/education/eurydice
|
| 919 |
|
|
|a 978-92-9201-264-9
|
| 999 |
|
|
|c 666294
|d 668224
|
| 952 |
|
|
|a SNK
|b SNK
|y VYP
|7 0
|p 17A1063895
|o snkIB 72716
|i snk2013/8296
|8 1
|0 0
|1 0
|4 0
|d 2013-04-12
|l 0
|r 2026-02-23 19:09:47
|w 2026-02-23
|